Drugie najlepsze - edycja geograficzna - Statystyki

Ogólne statystyki
  • Ten quiz został rozwiązany 28 razy
  • Średni wynik to 6 z 15
Statystyki odpowiedzi
Kategoria Pierwsze miejsce Drugie miejsce % Poprawnych
Największe państwo leżące całkowicie w Europie Ukraina Francja
92%
Najbardziej wysunięte państwo europejskie na północ Rosja Norwegia
85%
Największy stan USA Alaska Teksas
77%
Największe morze w Europie Śródziemne Północne
69%
Najmniejsze państwo Watykan Monako
65%
Najdłuższa rzeka w Azji Jangcy Huang He
54%
Najludniejsza wyspa Jawa Honsiu
35%
Największe jezioro w Ameryce Północnej Górne Huron
35%
Najbardziej zaludnione terytorium zależne Stanów Zjednoczonych Portoryko Guam
31%
Największe miasto w Turcji Stambuł Izmir
31%
Największy półwysep Arabski Indochiński
27%
Największe miasto w Afryce Lagos Kinszasa
23%
Największa wyspa na Morzu Bałtyckim Gotlandia Sarema
12%
Najwyższa góra Mont Blanc Dufourspitze
4%
Największa pustynia Sahara Takla Makan
0%
Nie znaleziono quizów pasujących do podanych kryteriów
Rozkład punktacji
Procent ludzi z każdym wynikiem
Percentyl według liczby udzielonych odpowiedzi
Twoja historia wyników
Nie rozwiązałeś tego quizu